2022 World Cup possible squads: ECUADOR - Statistics

General Stats
  • This quiz has been taken 15 times
  • The average score is 10 of 27
Answer Stats
Role Club Player % Correct
Forward Fenerbahce Enner Valencia
90%
Defender Villarreal Pervis Estupiñán
90%
Forward CSKA-Sofia Jordy Caicedo
80%
Midfielder Brighton Moisés Caicedo
80%
Defender Leverkusen Piero Hincapié
60%
Midfielder Brighton Jeremy Sarmiento
50%
Midfielder León Ángel Mena
40%
Defender Santos Laguna Félix Torres
40%
Midfielder Valladolid (LOAN) Gonzalo Plata
40%
Defender Genk Ángelo Preciado
30%
Midfielder Santos Laguna Ayrton Preciado
30%
Defender Barcelona SC Byron Castillo
30%
Midfielder Augsburg Carlos Gruezo
30%
Defender São Paulo Robert Arboleda
30%
Midfielder Orlando City Sebas Méndez
30%
Defender Seattle Sounders Xavier Arreaga
30%
Midfielder Atlanta United Alan Franco
20%
Goalkeeper Deportes Tolima Alexander Domínguez
20%
Defender Los Angeles FC Diego Palacios
20%
Midfielder CS Emelec Dixon Arroyo
20%
Coach - Gustavo Alfaro
20%
Goalkeeper Universidad de Chile Hernán Galíndez
20%
Defender Boavista Jackson Porozo
20%
Forward D.C. United Michael Estrada
20%
Midfielder Pachuca Romario Ibarra
20%
Goalkeeper Independiente del Valle Wellington Ramírez
20%
Forward Santos FC Bryan Angulo
10%
No matching quizzes found
Score Distribution
Percent of People with Each Score
Percentile by Number Answered
Your Score History
You have not taken this quiz